| 000 | 00000nam 2200000zi 4500 |
| 001 | 9.945333 |
| 003 | CaOODSP |
| 005 | 20241120132258 |
| 006 | m o d f |
| 007 | cr mn||||||||| |
| 008 | 241119s2023 onca ob f000 0 eng d |
| 040 | |aCaOODSP|beng|erda|cCaOODSP |
| 043 | |an-cn--- |
| 086 | 1 |aHP5-165/2023E-PDF |
| 245 | 00|aHealth Portfolio emergency response plan (HP ERP). |
| 264 | 1|a[Ottawa] : |bHealth Canada and Public Health Agency of Canada = Santé Canada et l'Agence de la santé publique du Canada, |c2023. |
| 300 | |a1 online resource (52 pages) : |bcolour illustrations |
| 336 | |atext|btxt|2rdacontent |
| 337 | |acomputer|bc|2rdamedia |
| 338 | |aonline resource|bcr|2rdacarrier |
| 500 | |aIssued also in French under title: Plan d'intervention d'urgence du portefeuille de la Santé (PIUPS). |
| 504 | |aIncludes bibliographical references. |
| 520 | |a"The ERP outlines an operational planning framework enabling the Health Portfolio to coordinate the delivery of support capabilities to provincial, territorial, other federal departments and international partners during an emergency. The ERP is a foundational key element in the Health Portfolio's overall emergency preparedness and response program. The ERP is an "all hazards" plan that defines the framework within which the Public Health Agency of Canada (PHAC) and Health Canada (HC) will operate to ensure an appropriate response to any emergency; it is augmented by annexes addressing specific threats and hazards. …"--Executive summary, page 4. |
| 610 | 20|aPublic Health Agency of Canada. |
| 610 | 10|aCanada. |bHealth Canada. |
| 650 | 0|aEmergency management|zCanada. |
| 710 | 2 |aPublic Health Agency of Canada, |eissuing body. |
| 710 | 1 |aCanada. |bHealth Canada, |eissuing body. |
| 775 | 08|tPlan d'intervention d'urgence du portefeuille de la Santé (PIUPS).|w(CaOODSP)9.945379 |
| 856 | 40|qPDF|s937 KB|uhttps://publications.gc.ca/collections/collection_2024/aspc-phac/HP5-165-2023-eng.pdf |
| 856 | 4 |qHTML|sN/A|uhttps://www.canada.ca/en/public-health/services/publications/health-risks-safety/health-portfolio-emergency-response-plan.html |